000 00465nam a22001817a 4500
005 20251127103455.0
008 251127b |||||||| |||| 00| 0 eng d
020 _a978-1-118-09374-0
100 _aROTH, ROBERTA M.
245 _aSYSTEM ANALYSIS AND DESIGN
250 _a5TH ED
260 _bWILEY
_c 2013
300 _aXXIV, 560P.
500 _aINCLUDES INDEX
650 _a1. SYSTEM DESIGN 2. SYSTEM ANALYSIS
700 _aDENNIS, ALAN
942 _2lcc
_cBK
999 _c216305
_d216305